La fabrication d'un totem : David, Freud et le bonapartisme (notice n° 1595329)

détails MARC
000 -LEADER
fixed length control field 01547cam a2200265 4500500
005 - DATE AND TIME OF LATEST TRANSACTION
control field 20251228073519.0
041 ## - LANGUAGE CODE
Language code of text/sound track or separate title fre
042 ## - AUTHENTICATION CODE
Authentication code dc
100 10 - MAIN ENTRY--PERSONAL NAME
Personal name Martins, Luiz Renato
Relator term author
245 00 - TITLE STATEMENT
Title La fabrication d'un totem : David, Freud et le bonapartisme
260 ## - PUBLICATION, DISTRIBUTION, ETC.
Date of publication, distribution, etc. 2010.<br/>
500 ## - GENERAL NOTE
General note 3
520 ## - SUMMARY, ETC.
Summary, etc. Résumé L’affiliation de David (1748-1825) à la cause jacobine est indiscutable. Mais l’histoire passe et David se mettra au service du césarisme et de sa totémisation. La scène du Saint-Bernard (1800-1801) est celle d’un « impératif catégorique » incarné. Nous suivrons ce procès jusqu’au portrait du tyran au bureau (1811-1812) comme Moïse et totem d’un nouveau monothéisme : celui de l’administration panoptique.
520 ## - SUMMARY, ETC.
Summary, etc. David’s affiliation to the Jacobine cause is unquestionable. But as time passed, David ended up serving Caesarism and its totemisation. His Saint Bernard (1800-1801) embodies a categorical imperative. We shall follow this process up to his portrait of the tyrant in his office (1811-1812) drawn as a Moses and Totem of the new monotheism of a panoptical administration.
690 ## - LOCAL SUBJECT ADDED ENTRY--TOPICAL TERM (OCLC, RLIN)
Topical term or geographic name as entry element bonapartisme
690 ## - LOCAL SUBJECT ADDED ENTRY--TOPICAL TERM (OCLC, RLIN)
Topical term or geographic name as entry element J-L. David
690 ## - LOCAL SUBJECT ADDED ENTRY--TOPICAL TERM (OCLC, RLIN)
Topical term or geographic name as entry element Panoptique
690 ## - LOCAL SUBJECT ADDED ENTRY--TOPICAL TERM (OCLC, RLIN)
Topical term or geographic name as entry element totem.
690 ## - LOCAL SUBJECT ADDED ENTRY--TOPICAL TERM (OCLC, RLIN)
Topical term or geographic name as entry element Bonapartism
690 ## - LOCAL SUBJECT ADDED ENTRY--TOPICAL TERM (OCLC, RLIN)
Topical term or geographic name as entry element J-L. David
690 ## - LOCAL SUBJECT ADDED ENTRY--TOPICAL TERM (OCLC, RLIN)
Topical term or geographic name as entry element Panopticon
690 ## - LOCAL SUBJECT ADDED ENTRY--TOPICAL TERM (OCLC, RLIN)
Topical term or geographic name as entry element totem.
786 0# - DATA SOURCE ENTRY
Note Savoirs et clinique | 12 | 1 | 2010-11-10 | p. 137-145 | 1634-3298
856 41 - ELECTRONIC LOCATION AND ACCESS
Uniform Resource Identifier <a href="https://shs.cairn.info/revue-savoirs-et-cliniques-2010-1-page-137?lang=fr&redirect-ssocas=7080">https://shs.cairn.info/revue-savoirs-et-cliniques-2010-1-page-137?lang=fr&redirect-ssocas=7080</a>

Pas d'exemplaire disponible.

PLUDOC

PLUDOC est la plateforme unique et centralisée de gestion des bibliothèques physiques et numériques de Guinée administré par le CEDUST. Elle est la plus grande base de données de ressources documentaires pour les Étudiants, Enseignants chercheurs et Chercheurs de Guinée.

Adresse

627 919 101/664 919 101

25 boulevard du commerce
Kaloum, Conakry, Guinée

Réseaux sociaux

Powered by Netsen Group @ 2025